Sorrisos de bem-querer (Registo nº 17151)
[ vista simples ]
| 000 -Etiqueta do registo | |
|---|---|
| Valores | 00782nam a22002291i 4500 |
| 090 ## - | |
| -- | 17151 |
| 010 ## - Número ISBN | |
| ISBN | 9789728570064 |
| 100 ## - Dados gerais de processamento | |
| Dados gerais | 20170304u u u0frey50 ba |
| 101 0# - Língua de publicação | |
| -- | por |
| 200 1# - Titulo e menção de responsabilidade | |
| Primeira menção de responsabilidade | Graça Gonçalves |
| Título próprio | Sorrisos de bem-querer |
| 215 ## - Descrição física | |
| Paginação / Volumes | [64] p. |
| Outras indicações físicas | il. |
| Dimensões | 10x17 cm |
| 210 ## - Publicação | |
| Nome do editor | Gostar |
| Data de publicação | 2001 |
| 225 2# - Colecção | |
| Título próprio da colecção | Partilha de bem-querer |
| Indicação de volume | 1 |
| 327 ## - Nota de conteúdo | |
| Texto da nota | Jogo com fichas destacáveis. |
| 410 #0 - | |
| -- | Partilha de bem-querer |
| 676 ## - | |
| -- | 159.942 |
| 610 0# - Termos não controlados | |
| Palavra de ordem | Livro+jogo Afectividade Sentimentos Psicologia |
| 700 #1 - Autor principal (pessoa individual) | |
| Apelido | Gonçalves |
| Nome | Graça |
| -- | 070 |
| 996 ## - ISO2709 | |
| -- | 0022042 |
| -- | 159.942 GON |
| -- | 00000000 |
| -- | 00000000 |
| -- | BMVA |
| -- | 1 |
| -- | Viana do Alentejo |
| -- | Psicologia |
| -- | 25 |
| -- | Livro |
| -- | 6 |
| 996 ## - ISO2709 | |
| -- | 0030916 |
| -- | GON |
| -- | 00000000 |
| -- | 00000000 |
| -- | BMVAAL |
| -- | 3 |
| -- | Alcáçovas |
| -- | Psicologia |
| -- | 25 |
| -- | Livro |
| -- | 6 |
| 990 ## - Elementos KOHA | |
| Tipo de documento | Livro |
| Situação do levantamento | Estado | Biblioteca de origem | Biblioteca de empréstimo | Localização na Estante | Código de barras | Cota | Permissão de empréstimo | Tipo de documento | Nota relativa ao exemplar |
|---|---|---|---|---|---|---|---|---|---|
| Completo | Biblioteca Municipal de Viana Do Alentejo | Biblioteca Municipal de Viana Do Alentejo | Depósito | 0026570 | 159.9 GON | Disponível | Livro | cx. 178 vnt | |
| Consulta em Sala | Biblioteca Municipal de Viana Do Alentejo | Biblioteca Municipal de Viana Do Alentejo | 00013953 | 159.9 GON | Disponível | Livro |